| 000 -LEADER |
| fixed length control field |
00992nam a22002537a 4500 |
| 005 - DATE AND TIME OF LATEST TRANSACTION |
| control field |
20251010125544.0 |
| 008 - FIXED-LENGTH DATA ELEMENTS--GENERAL INFORMATION |
| fixed length control field |
251010b ||||| |||| 00| 0 eng d |
| 020 ## - INTERNATIONAL STANDARD BOOK NUMBER |
| International Standard Book Number |
9780062410009 |
| 040 ## - CATALOGING SOURCE |
| Transcribing agency |
KH8 |
| 082 ## - DEWEY DECIMAL CLASSIFICATION NUMBER |
| Classification number |
823.92 HUN |
| 100 ## - MAIN ENTRY--PERSONAL NAME |
| Personal name |
HUNTER,ERIN |
| Relator term |
AUTHOR |
| Language of a work |
ENGLISH |
| 245 ## - TITLE STATEMENT |
| Title |
DAWN OF THE CLAN WARRIORS/THE SUN TRAIL |
| 260 ## - PUBLICATION, DISTRIBUTION, ETC. |
| Place of publication, distribution, etc. |
195 BROADWAY,NEW YORK,NY 10007 |
| Name of publisher, distributor, etc. |
HarperCollins Publishers |
| Date of publication, distribution, etc. |
2016 |
| 300 ## - PHYSICAL DESCRIPTION |
| Extent |
368 pages |
| Other physical details |
b illustration |
| Dimensions |
20 cm x |
| 500 ## - GENERAL NOTE |
| General note |
Includes a bonus scene and a teaser for the next book in the series. Originally published in hardcover in 2013. |
| 520 ## - SUMMARY, ETC. |
| Summary, etc. |
As a new era dawns on the forest, a group of cats set out on a dangerous journey to find a new home and form the warrior Clans. |
| 521 ## - TARGET AUDIENCE NOTE |
| Target audience note |
Ages 8–12. |
| 650 ## - SUBJECT ADDED ENTRY--TOPICAL TERM |
| Source of heading or term |
Cats |
| Topical term or geographic name entry element |
Juvenile fiction |
| 650 ## - SUBJECT ADDED ENTRY--TOPICAL TERM |
| Source of heading or term |
Animal societies |
| Topical term or geographic name entry element |
Juvenile fiction |
| 650 ## - SUBJECT ADDED ENTRY--TOPICAL TERM |
| Source of heading or term |
Adventure stories |
| Topical term or geographic name entry element |
Juvenile fiction |
| 655 ## - INDEX TERM--GENRE/FORM |
| Genre/form data or focus term |
Fantasy Fiction |
| 700 ## - ADDED ENTRY--PERSONAL NAME |
| Personal name |
McLoughlin, Wayne |
| Relator term |
illustrator |
| 942 ## - ADDED ENTRY ELEMENTS (KOHA) |
| Source of classification or shelving scheme |
|
| Koha item type |
Books - Fiction |